000
00279nam a2200121Ia 4500
008
190216s9999||||xx |||||||||||||| ||und||
100
_a
Varga Y
245
0
_a
Politico Economic Problems Of Capitalism
260
_b
Null
_c
1968
300
_a
350
650
_a
Economics
942
_c
BK
999
_c
9158
_d
9158